[Event "Junior Online 4NCL Division 3"]
[Site "online"]
[Date "2021.08.19"]
[EventDate "2021.08.19"]
[Round "1.43"]
[White "Michener, Max"]
[WhiteElo "1000"]
[WhiteTeam "Muswell Hill Primary"]
[Black "Salkauskas, Deimantas"]
[BlackElo "1346"]
[BlackTeam "Colchester Juniors B"]
[Result "1-0"]
[PlyCount "135"]

1. e4 e5 2. Nc3 Bc5 3. f4 Nc6 4. fxe5 Nxe5 5. d4 Bb6 6. dxe5 Ne7 7. Nf3 O-O 8. Bc4 d6 9. Na4 Bg4 10. Nxb6 axb6 11. exd6 Qxd6 12. Qxd6 cxd6 13. O-O Rac8 14. Bd3 d5 15. h3 Bh5 16. exd5 Nxd5 17. Bd2 Nf6 18. Bc3 Nd5 19. Bd4 b5 20. c3 Rfe8 21. Bf5 Rcd8 22. g4 Bg6 23. Bxg6 fxg6 24. Rae1 Nf4 25. Rxe8+ Rxe8 26. Ng5 Nd3 27. Rf7 Re1+ 28. Rf1 Re8 29. Rf7 Re1+ 30. Kg2 Re2+ 31. Kg3 Ne5 32. Bxe5 Rxe5 33. Rxb7 Rxg5 34. h4 Re5 35. b3 Rc5 36. Kf4 h5 37. g5 Rf5+ 38. Ke4 Rc5 39. Kd4 Rf5 40. Ke3 Rc5 41. Kd2 Rd5+ 42. Kc2 Rf5 43. a3 Rc5 44. a4 bxa4 45. bxa4 Rf5 46. Rb5 Rf2+ 47. Kb3 Rf4 48. Rb4 Rf5 49. Rb5 Rf4 50. a5 Rxh4 51. a6 Rh1 52. a7 Ra1 53. Rb8+ Kh7 54. a8=Q Rxa8 55. Rxa8 h4 56. Ra1 Kg8 57. c4 Kf7 58. Rd1 Ke6 59. c5 Kf5 60. c6 Kxg5 61. c7 h3 62. c8=Q Kh4 63. Rd4+ Kg3 64. Qg4+ Kf2 65. Rd2+ Ke3 66. Qd4+ Kf3 67. Rf2+ Kg3 68. Qf4# 1-0

[Event "Junior Online 4NCL Division 3"]
[Site "online"]
[Date "2021.08.19"]
[EventDate "2021.08.19"]
[Round "1.44"]
[White "Balaggan, Karam S"]
[WhiteElo "1313"]
[WhiteTeam "Colchester Juniors B"]
[Black "Gibbins, Finlay"]
[BlackElo "946"]
[BlackTeam "Muswell Hill Primary"]
[Result "1/2-1/2"]
[PlyCount "64"]

1. e4 e5 2. Nf3 Nc6 3. Bb5 Bb4 4. O-O Nf6 5. d3 d6 6. c3 Ba5 7. Nbd2 Bg4 8. h3 Bh5 9. Re1 Bb6 10. Nf1 d5 11. exd5 Qxd5 12. Bc4 Qc5 13. Be3 Bxf3 14. Bxc5 Bxd1 15. Bxb6 axb6 16. Raxd1 Na5 17. Rxe5+ Kd8 18. Ng3 Re8 19. Rxe8+ Nxe8 20. Bxf7 Nf6 21. b4 Nc6 22. b5 Ne5 23. d4 Nxf7 24. Ra1 Nd6 25. a4 Nde4 26. Nxe4 Nxe4 27. Ra3 g5 28. f3 Ng3 29. Kf2 Nh1+ 30. Kg1 Ng3 31. Kh2 Nf1+ 32. Kg1 Ng3 1/2-1/2

[Event "Junior Online 4NCL Division 3"]
[Site "online"]
[Date "2021.08.19"]
[EventDate "2021.08.19"]
[Round "1.45"]
[White "Catabay, Rezin C"]
[WhiteElo "1370"]
[WhiteTeam "Colchester Juniors B"]
[Black "Man, Felix"]
[BlackElo "1264"]
[BlackTeam "Muswell Hill Primary"]
[Result "1-0"]
[PlyCount "109"]

1. e4 e5 2. Nf3 Nc6 3. Bc4 Bc5 4. O-O Nf6 5. c3 h6 6. d4 exd4 7. cxd4 Bb6 8. Nc3 O-O 9. Na4 Nxe4 10. Nxb6 axb6 11. Bb3 d5 12. Bc2 Qf6 13. Re1 Bg4 14. Bxe4 dxe4 15. Rxe4 Bxf3 16. gxf3 Rfe8 17. Rf4 Qd6 18. Be3 Re6 19. Kh1 Rf6 20. Rg4 Rd8 21. Qg1 Rg6 22. Rd1 Rxg4 23. Qxg4 Qg6 24. Qxg6 fxg6 25. Kg2 Kf7 26. a3 Ne7 27. Rc1 Nc6 28. b4 Rd7 29. b5 Nxd4 30. Bxd4 Rxd4 31. Rxc7+ Kf6 32. Rxb7 Ra4 33. Rxb6+ Kf5 34. Ra6 Rc4 35. b6 Rc5 36. b7 Rb5 37. Ra7 Ke6 38. a4 Rb6 39. a5 Rb5 40. a6 Kd6 41. Ra8 Kc7 42. Rc8+ Kd7 43. b8=Q Rxb8 44. Rxb8 Kc6 45. a7 Kc7 46. a8=Q Kd7 47. Rd8+ Ke7 48. Qc8 Kf7 49. Rf8+ Ke7 50. Qd8+ Ke6 51. Re8+ Kf5 52. Qd7+ Kf6 53. Qe6+ Kg5 54. h4+ Kf4 55. Qe4# 1-0

[Event "Junior Online 4NCL Division 3"]
[Site "online"]
[Date "2021.08.19"]
[EventDate "2021.08.19"]
[Round "1.46"]
[White "Bagshaw, Freddie"]
[WhiteElo "1160"]
[WhiteTeam "Muswell Hill Primary"]
[Black "Catabay, Asci-Khela"]
[BlackElo "1348"]
[BlackTeam "Colchester Juniors B"]
[Result "0-1"]
[PlyCount "68"]

1. e4 e6 2. Nf3 d5 3. Bd3 dxe4 4. Bxe4 Nf6 5. Nc3 Nxe4 6. Nxe4 Nc6 7. O-O Bd6 8. d3 O-O 9. Bg5 f6 10. Be3 e5 11. c3 Be6 12. b4 Qd7 13. a4 a6 14. h3 f5 15. Neg5 f4 16. Bd2 Bf5 17. Nh4 Bxd3 18. Qh5 Be7 19. Rfe1 Bxg5 20. Qxg5 Rf6 21. Red1 Rh6 22. Nf3 Be2 23. Re1 Bxf3 24. Bc1 Bxg2 25. Qxg2 Rg6 26. Kh2 Rxg2+ 27. Kxg2 Rf8 28. f3 Qf5 29. b5 Qg5+ 30. Kf2 Qh4+ 31. Ke2 Qxh3 32. bxc6 Qg2+ 33. Kd1 Rd8+ 34. Bd2 Qxd2# 0-1

[Event "Junior Online 4NCL Division 3"]
[Site "online"]
[Date "2021.08.19"]
[EventDate "2021.08.19"]
[Round "1.47"]
[White "Salkauskas, Deimantas"]
[WhiteElo "1346"]
[WhiteTeam "Colchester Juniors B"]
[Black "Michener, Max"]
[BlackElo "1000"]
[BlackTeam "Muswell Hill Primary"]
[Result "0-1"]
[PlyCount "120"]

1. e4 e5 2. Nf3 Nc6 3. Bc4 Bc5 4. Nc3 d6 5. O-O Bg4 6. Be2 Nf6 7. h3 Bh5 8. d3 h6 9. Be3 Bxe3 10. fxe3 O-O 11. d4 Qe7 12. Nd5 Nxd5 13. exd5 e4 14. dxc6 exf3 15. Bxf3 Qxe3+ 16. Rf2 Bxf3 17. Qxf3 Qxf3 18. Rxf3 bxc6 19. Rc3 Rfe8 20. Rxc6 Re7 21. c4 Rae8 22. c5 dxc5 23. dxc5 Rc8 24. b4 Rb8 25. a3 a5 26. bxa5 Ra8 27. a6 Kf8 28. Rb1 Ke8 29. Rb7 Kd8 30. a7 Kc8 31. Rb8+ Rxb8 32. axb8=Q+ Kxb8 33. a4 Kb7 34. Rxc7+ Rxc7 35. Kf2 Rxc5 36. Ke3 Kc6 37. Kd4 Ra5 38. g4 Rxa4+ 39. Ke5 Ra3 40. h4 Ra4 41. Kf5 g6+ 42. Kf6 Rxg4 43. Kxf7 Rxh4 44. Kxg6 h5 45. Kg5 Rh1 46. Kf4 Rg1 47. Kf3 Rg8 48. Kf4 h4 49. Kf5 h3 50. Kf6 h2 51. Kf7 Rg1 52. Kf6 h1=Q 53. Kf5 Qf3+ 54. Ke5 Re1+ 55. Kd4 Qe4+ 56. Kc3 Re3+ 57. Kb2 Qb4+ 58. Kc2 Qc3+ 59. Kb1 Re1+ 60. Ka2 Ra1# 0-1

[Event "Junior Online 4NCL Division 3"]
[Site "online"]
[Date "2021.08.19"]
[EventDate "2021.08.19"]
[Round "1.48"]
[White "Gibbins, Finlay"]
[WhiteElo "946"]
[WhiteTeam "Muswell Hill Primary"]
[Black "Balaggan, Karam S"]
[BlackElo "1313"]
[BlackTeam "Colchester Juniors B"]
[Result "0-1"]
[PlyCount "56"]

1. e4 c5 2. c4 e5 3. g3 d6 4. Bg2 Nf6 5. d3 Nc6 6. Na3 Be7 7. Bd2 Bd7 8. Nf3 O-O 9. O-O Qb6 10. Bc1 Qc7 11. Bg5 h6 12. Bd2 Rab8 13. Qa4 Nd4 14. Qd1 a6 15. Nxd4 exd4 16. Bf4 b5 17. cxb5 axb5 18. Nc2 Nh5 19. Nb4 cxb4 20. Qe1 Nxf4 21. Qxb4 Nxg2 22. Kxg2 Qc5 23. Qa5 Ra8 24. Qd2 Qh5 25. Rh1 Qh3+ 26. Kg1 Bg4 27. Qg5 Bxg5 28. f3 Be3# 0-1

[Event "Junior Online 4NCL Division 3"]
[Site "online"]
[Date "2021.08.19"]
[EventDate "2021.08.19"]
[Round "1.51"]
[White "Gohil, Shayan"]
[WhiteElo "1231"]
[WhiteTeam "Brentwood School B"]
[Black "Sidana, Rishabh"]
[BlackElo "1399"]
[BlackTeam "Chess Challengers A"]
[Result "0-1"]
[PlyCount "70"]

1. e4 c5 2. Nf3 Nc6 3. Bc4 e6 4. d4 cxd4 5. Nxd4 Nf6 6. Bg5 h6 7. Bh4 g5 8. Bg3 d5 9. Bb5 Bd7 10. Nc3 Be7 11. Qf3 Nxd4 12. Bxd7+ Qxd7 13. Qd3 dxe4 14. Nxe4 Nxe4 15. Qxe4 Rc8 16. c3 Nf5 17. Be5 f6 18. Bg3 Qc6 19. Qxc6+ Rxc6 20. O-O Bc5 21. Kh1 h5 22. h3 g4 23. h4 e5 24. Rad1 Rd6 25. Rde1 Re6 26. Rd1 O-O 27. Rd7 Rf7 28. Rd8+ Kg7 29. Rfd1 Nxg3+ 30. fxg3 e4 31. R1d5 e3 32. Rd1 e2 33. Re1 Bf2 34. Rc1 Bxg3 35. Rd3 e1=Q+ 0-1

[Event "Junior Online 4NCL Division 3"]
[Site "online"]
[Date "2021.08.19"]
[EventDate "2021.08.19"]
[Round "1.52"]
[White "Subramanian, Ashwanth"]
[WhiteElo "1350"]
[WhiteTeam "Chess Challengers A"]
[Black "Kovalev, Rostislav"]
[BlackElo "1032"]
[BlackTeam "Brentwood School B"]
[Result "1-0"]
[PlyCount "159"]

1. e4 e5 2. Nf3 Nc6 3. Bc4 Bc5 4. d3 h6 5. c3 Nf6 6. b4 Bb6 7. a4 a6 8. a5 Ba7 9. h3 d5 10. exd5 Nxd5 11. O-O O-O 12. Re1 Re8 13. Qb3 Be6 14. Nxe5 Nf6 15. Bxe6 Rxe6 16. Nf3 Rxe1+ 17. Nxe1 Qd6 18. d4 Re8 19. Be3 Nb8 20. Nd2 b6 21. Nc4 Qd5 22. axb6 cxb6 23. Nd2 Qxb3 24. Nxb3 Re6 25. Nd3 Rc6 26. Rc1 Ne4 27. c4 b5 28. c5 Nd7 29. Na5 Rc8 30. f3 Ng3 31. Kf2 Nf5 32. g4 Nxe3 33. Kxe3 Nf6 34. Kd2 Nd5 35. Re1 f6 36. Kc2 Bb8 37. Kb3 Bg3 38. Re6 Ra8 39. Nc6 Kf7 40. Re2 g5 41. Ra2 Nf4 42. Nxf4 Bxf4 43. Re2 Rc8 44. d5 Be5 45. Nxe5+ fxe5 46. Rxe5 Kf6 47. Re6+ Kg7 48. Rxa6 Rd8 49. d6 Kf6 50. d7+ Ke7 51. Rxh6 Rxd7 52. Rh7+ Ke6 53. Rxd7 Kxd7 54. Kc3 Kc6 55. Kd4 Kd7 56. Kd5 Ke7 57. Kc6 Kd8 58. Kxb5 Kc7 59. Kc4 Kc6 60. b5+ Kc7 61. Kd5 Kd7 62. c6+ Kc7 63. Ke5 Kb6 64. Kf5 Kxb5 65. c7 Kc6 66. c8=Q+ Kd6 67. Qe6+ Kc5 68. Kxg5 Kd4 69. Kf6 Kc5 70. h4 Kd4 71. h5 Kc5 72. h6 Kd4 73. h7 Kc5 74. Kf7 Kd4 75. h8=Q+ Kc5 76. Qh5+ Kd4 77. Qe4+ Kc3 78. Qc5+ Kb3 79. Qeb4+ Ka2 80. Qca5# 1-0

[Event "Junior Online 4NCL Division 3"]
[Site "online"]
[Date "2021.08.19"]
[EventDate "2021.08.19"]
[Round "1.53"]
[White "Van Enckevort, Noah"]
[WhiteElo "995"]
[WhiteTeam "Brentwood School B"]
[Black "Ray, Ayush"]
[BlackElo "1320"]
[BlackTeam "Chess Challengers A"]
[Result "0-1"]
[PlyCount "96"]

1. d4 d5 2. e4 dxe4 3. f3 exf3 4. Nxf3 Nf6 5. Nc3 Bg4 6. d5 e6 7. dxe6 Qxd1+ 8. Nxd1 Bxe6 9. Nc3 Bd6 10. Nb5 Nc6 11. b3 a6 12. Nxd6+ cxd6 13. c4 O-O 14. Ng5 Bf5 15. Be3 Rfe8 16. Kd2 Nb4 17. c5 Rxe3 18. Kxe3 Nc2+ 19. Kf4 Nxa1 20. Kxf5 Nc2 21. Bc4 d5 22. Bd3 Nb4 23. Bb1 Rc8 24. Rc1 b6 25. Ke5 bxc5 26. Bxh7+ Nxh7 27. Nxh7 Nd3+ 28. Kxd5 Nxc1 29. Kd6 Kxh7 30. Ke7 c4 31. bxc4 Rxc4 32. a3 Ra4 33. Kxf7 Rxa3 34. Ke7 Rd3 35. Ke6 a5 36. Ke5 a4 37. Ke4 a3 38. Kf4 a2 39. g4 a1=Q 40. g5 Qd4+ 41. Kf5 Rf3+ 42. Ke6 Qe4+ 43. Kd6 Rd3+ 44. Kc5 Nb3+ 45. Kb5 Rd5+ 46. Kc6 Qe6+ 47. Kc7 Rd7+ 48. Kc8 Qe8# 0-1

[Event "Junior Online 4NCL Division 3"]
[Site "online"]
[Date "2021.08.19"]
[EventDate "2021.08.19"]
[Round "1.54"]
[White "Gupta, Shourya"]
[WhiteElo "1400"]
[WhiteTeam "Chess Challengers A"]
[Black "Phillips, Thomas"]
[BlackElo "909"]
[BlackTeam "Brentwood School B"]
[Result "1/2-1/2"]
[PlyCount "94"]

1. d4 Nf6 2. Bf4 g6 3. e3 Bg7 4. c4 d6 5. Nf3 O-O 6. Nc3 Nc6 7. Bd3 e5 8. dxe5 dxe5 9. Nxe5 Nxe5 10. Bxe5 Bf5 11. Bxf5 Qxd1+ 12. Rxd1 gxf5 13. O-O Ne4 14. Bxg7 Kxg7 15. Nxe4 fxe4 16. Rd7 Rac8 17. f3 exf3 18. Rxf3 Rcd8 19. Rxc7 Rd1+ 20. Kf2 Rd2+ 21. Kg3 Rxb2 22. Rf5 h6 23. Rb5 Rxa2 24. Rbxb7 Ra5 25. Rxa7 Rg5+ 26. Kf2 Rf5+ 27. Ke2 Rg5 28. g3 h5 29. c5 h4 30. gxh4 Rg2+ 31. Kd3 Rxh2 32. c6 Rxh4 33. Rcb7 Rh5 34. c7 Rd5+ 35. Kc4 Rd7 36. Rb8 Rxc7+ 37. Rxc7 Rxb8 38. Kd5 Kg6 39. e4 f6 40. Rc6 Kg5 41. Rc7 Kf4 42. Re7 Rb5+ 43. Kd6 f5 44. e5 Ke4 45. e6 f4 46. Rf7 Rb6+ 47. Ke7 Ke5 1/2-1/2

[Event "Junior Online 4NCL Division 3"]
[Site "online"]
[Date "2021.08.19"]
[EventDate "2021.08.19"]
[Round "1.55"]
[White "Sidana, Rishabh"]
[WhiteElo "1399"]
[WhiteTeam "Chess Challengers A"]
[Black "Gohil, Shayan"]
[BlackElo "1231"]
[BlackTeam "Brentwood School B"]
[Result "1-0"]
[PlyCount "61"]

1. e4 e5 2. Nf3 Nc6 3. Bc4 Bc5 4. Nc3 Nf6 5. d3 h6 6. Be3 Bb6 7. O-O O-O 8. Qd2 Bxe3 9. fxe3 d6 10. Nd5 Bg4 11. h3 Bxf3 12. Rxf3 Nh5 13. g4 Ng3 14. Rxg3 Qh4 15. Qf2 a6 16. Rf3 Qxf2+ 17. Rxf2 Rfe8 18. Nxc7 b5 19. Bd5 Red8 20. Nxa8 Rxa8 21. Bxc6 Rc8 22. Bd5 Kh7 23. c3 a5 24. Rxf7 b4 25. c4 a4 26. Rd7 b3 27. axb3 axb3 28. Raa7 Rg8 29. Bxg8+ Kxg8 30. Rxg7+ Kf8 31. Rgb7 1-0

[Event "Junior Online 4NCL Division 3"]
[Site "online"]
[Date "2021.08.19"]
[EventDate "2021.08.19"]
[Round "1.56"]
[White "Kovalev, Rostislav"]
[WhiteElo "1032"]
[WhiteTeam "Brentwood School B"]
[Black "Subramanian, Ashwanth"]
[BlackElo "1350"]
[BlackTeam "Chess Challengers A"]
[Result "0-1"]
[PlyCount "146"]

1. e4 e5 2. Nf3 Nc6 3. Bc4 Bc5 4. d3 Nf6 5. Bg5 d6 6. h3 h6 7. Bh4 g5 8. Bg3 Qe7 9. Nc3 g4 10. hxg4 Bxg4 11. Na4 Bb6 12. Nxb6 axb6 13. c3 Na5 14. Bb3 Nxb3 15. Qxb3 Bxf3 16. gxf3 Qe6 17. Qxe6+ fxe6 18. a3 O-O-O 19. O-O-O Nd7 20. f4 exf4 21. Bxf4 h5 22. Rdg1 e5 23. Bg5 Rdf8 24. Be3 Nf6 25. f4 Ng4 26. Bd2 exf4 27. Rf1 f3 28. Rh3 f2 29. Kd1 c6 30. Ke2 d5 31. exd5 cxd5 32. Be3 Nxe3 33. Kxe3 Re8+ 34. Kxf2 Rhf8+ 35. Kg1 Rg8+ 36. Kh1 Re2 37. Rh2 Rxh2+ 38. Kxh2 Rg5 39. Rf2 Kc7 40. d4 Kc6 41. Kh3 Kb5 42. Kh4 Rg8 43. Kxh5 Kc4 44. Rf7 Rb8 45. Rf6 b5 46. Rf2 b6 47. Kg5 Re8 48. Kg6 Kd3 49. b3 Kxc3 50. a4 Kxb3 51. axb5 Kb4 52. Rb2+ Kc4 53. Rb1 Kxd4 54. Kf5 Kc4 55. Rd1 d4 56. Kf4 d3 57. Rc1+ Kxb5 58. Rc3 Rd8 59. Rb3+ Kc5 60. Rc3+ Kb4 61. Rc6 b5 62. Re6 d2 63. Re4+ Kc3 64. Re3+ Kc2 65. Re2 b4 66. Ke3 b3 67. Rxd2+ Rxd2 68. Ke4 b2 69. Ke3 b1=Q 70. Ke4 Qe1+ 71. Kf3 Rf2+ 72. Kg3 Qg1+ 73. Kh3 Rh2# 0-1

[Event "Junior Online 4NCL Division 3"]
[Site "online"]
[Date "2021.08.19"]
[EventDate "2021.08.19"]
[Round "1.57"]
[White "Ray, Ayush"]
[WhiteElo "1320"]
[WhiteTeam "Chess Challengers A"]
[Black "Van Enckevort, Noah"]
[BlackElo "995"]
[BlackTeam "Brentwood School B"]
[Result "1-0"]
[PlyCount "83"]

1. e4 Nf6 2. e5 Ne4 3. d4 d6 4. Bd3 Bf5 5. f3 d5 6. fxe4 dxe4 7. Bc4 c5 8. Be3 Nc6 9. Bb5 Qa5+ 10. Nc3 h5 11. d5 Bd7 12. dxc6 bxc6 13. Bc4 Bg4 14. Qd2 Rd8 15. Qf2 Qb4 16. Bb3 c4 17. Bc5 Qb8 18. h3 Be6 19. Ba4 Qxe5 20. Bxc6+ Bd7 21. Bxd7+ Rxd7 22. Be3 f5 23. Nge2 g5 24. Bd4 Rxd4 25. Nxd4 f4 26. Rd1 e3 27. Qf3 Bg7 28. Qc6+ Kf7 29. Qxc4+ e6 30. Nf3 Qf5 31. Ne4 Bxb2 32. Nd6+ Kf6 33. Nxf5 Kxf5 34. c3 g4 35. Nd4+ Ke4 36. Qb3 e5 37. Qxb2 exd4 38. Rxd4+ Kf5 39. O-O gxh3 40. Rfxf4+ Ke5 41. Qe2 hxg2 42. Qxe3# 1-0

[Event "Junior Online 4NCL Division 3"]
[Site "online"]
[Date "2021.08.19"]
[EventDate "2021.08.19"]
[Round "1.58"]
[White "Phillips, Thomas"]
[WhiteElo "909"]
[WhiteTeam "Brentwood School B"]
[Black "Gupta, Shourya"]
[BlackElo "1400"]
[BlackTeam "Chess Challengers A"]
[Result "0-1"]
[PlyCount "118"]

1. d4 d5 2. Bf4 Bf5 3. e3 c6 4. c3 e6 5. Nd2 Bd6 6. Bg3 Nf6 7. Ngf3 Bxg3 8. hxg3 Nbd7 9. Be2 c5 10. Qb3 Qc7 11. Ne5 Nxe5 12. dxe5 Nd7 13. g4 Bg6 14. f3 Nxe5 15. c4 Qd7 16. f4 Nc6 17. O-O-O O-O 18. e4 dxe4 19. Nf3 Qc7 20. Ne5 Nd4 21. Qe3 Rfd8 22. Nxg6 fxg6 23. Qxe4 Nxe2+ 24. Qxe2 Qxf4+ 25. Kb1 e5 26. Rhf1 Qg5 27. Rfe1 Rxd1+ 28. Rxd1 b6 29. Rd5 Re8 30. b3 Qf6 31. g3 e4 32. Kc2 Qa1 33. a4 Qa2+ 34. Kd1 Qxb3+ 35. Qc2 Qxg3 36. Qe2 Qb3+ 37. Qc2 Qxc2+ 38. Kxc2 Kf7 39. Kd2 Kf6 40. g5+ Ke6 41. Ke3 Kf7 42. Kf4 e3 43. Rd1 e2 44. Re1 h6 45. gxh6 gxh6 46. Kf3 Kf6 47. Rxe2 Rxe2 48. Kxe2 Kf5 49. Kf3 g5 50. Kg3 h5 51. Kg2 Kg4 52. Kh2 Kf3 53. Kh3 g4+ 54. Kh2 Kf2 55. Kh1 h4 56. Kh2 g3+ 57. Kh1 g2+ 58. Kh2 g1=Q+ 59. Kh3 Qg3# 0-1

[Event "Junior Online 4NCL Division 3"]
[Site "online"]
[Date "2021.08.19"]
[EventDate "2021.08.19"]
[Round "1.61"]
[White "Kammin, Samuel"]
[WhiteElo "1715"]
[WhiteTeam "Farnham Fantasticos"]
[Black "D Alessio, Marco"]
[BlackElo "1802"]
[BlackTeam "Lenzie Basilisks"]
[Result "0-1"]
[PlyCount "68"]

1. d4 d5 2. Nf3 c5 3. dxc5 Nc6 4. e4 dxe4 5. Qxd8+ Nxd8 6. Ng5 Nf6 7. Nc3 Bf5 8. Bb5+ Nc6 9. h4 e5 10. Be3 h6 11. Nh3 Ng4 12. Nd5 O-O-O 13. O-O-O Nxe3 14. Nxe3 Rxd1+ 15. Kxd1 Be6 16. Bxc6 bxc6 17. b4 Bxa2 18. c4 a5 19. bxa5 Bxc5 20. Kc2 Bxe3 21. fxe3 Bxc4 22. Nf2 Rd8 23. Ra1 Kb7 24. Kc3 Bd3 25. Rd1 Rd5 26. Nxd3 Rxd3+ 27. Rxd3 exd3 28. Kxd3 Ka6 29. Kc4 f5 30. g3 g5 31. hxg5 hxg5 32. g4 fxg4 33. Kd3 Kxa5 34. Ke2 c5 0-1

[Event "Junior Online 4NCL Division 3"]
[Site "online"]
[Date "2021.08.19"]
[EventDate "2021.08.19"]
[Round "1.62"]
[White "Moroz, Michael"]
[WhiteElo "1388"]
[WhiteTeam "Lenzie Basilisks"]
[Black "Warren, Archie"]
[BlackElo "1462"]
[BlackTeam "Farnham Fantasticos"]
[Result "1-0"]
[PlyCount "79"]

1. e4 c5 2. Nf3 d6 3. c3 d5 4. exd5 Nf6 5. Bc4 a6 6. O-O b5 7. Be2 Nxd5 8. d4 c4 9. Bg5 h6 10. Bh4 Nd7 11. Nbd2 N7f6 12. Ne5 e6 13. Ne4 Be7 14. Nc6 Qc7 15. Nxe7 Qxe7 16. Nxf6+ Nxf6 17. Bf3 Rb8 18. Bg3 Rb6 19. Re1 Bb7 20. Bxb7 Rxb7 21. Bh4 Rd7 22. Qf3 O-O 23. Rad1 Rfd8 24. d5 e5 25. Re2 a5 26. Red2 Rd6 27. Bg3 b4 28. h3 R6d7 29. d6 Rxd6 30. Rxd6 Rxd6 31. Rxd6 Qxd6 32. Qa8+ Kh7 33. Qxa5 Qd1+ 34. Kh2 b3 35. axb3 Qxb3 36. Qa1 Ne4 37. Bxe5 Nxf2 38. Bd4 Nd3 39. Qa7 Qxb2 40. Qxf7 1-0

[Event "Junior Online 4NCL Division 3"]
[Site "online"]
[Date "2021.08.19"]
[EventDate "2021.08.19"]
[Round "1.65"]
[White "D Alessio, Marco"]
[WhiteElo "1802"]
[WhiteTeam "Lenzie Basilisks"]
[Black "Kammin, Samuel"]
[BlackElo "1715"]
[BlackTeam "Farnham Fantasticos"]
[Result "1/2-1/2"]
[PlyCount "136"]

1. d4 e6 2. c4 f5 3. Nf3 Nf6 4. g3 Bb4+ 5. Bd2 Be7 6. Bg2 O-O 7. O-O d6 8. Nc3 Nbd7 9. Ng5 Nb6 10. b3 h6 11. Nh3 e5 12. dxe5 dxe5 13. e4 c6 14. Qe2 Qc7 15. f4 Nxe4 16. Nxe4 fxe4 17. fxe5 Bf5 18. Bc3 Nd7 19. Qh5 Bh7 20. Nf4 Bc5+ 21. Kh1 Rf5 22. Qe2 e3 23. Ne6 Qb6 24. Qg4 Rxf1+ 25. Rxf1 g5 26. Nxg5 hxg5 27. e6 Nf8 28. Qxg5+ Ng6 29. Qf6 Qc7 30. Be4 Rf8 31. e7 Qxe7 32. Qxe7 Rxf1+ 33. Kg2 Nxe7 34. Bxh7+ Kxh7 35. Kxf1 Kg6 36. Ke2 a6 37. b4 Ba7 38. a3 Kf5 39. h3 Ke4 40. g4 Kf4 41. Bf6 Ng8 42. Bd8 Kg3 43. c5 Kxh3 44. g5 Bb8 45. Kxe3 Kg4 46. Ke4 Bf4 47. g6 Bc1 48. a4 Ba3 49. Ba5 Kg5 50. Ke5 Kxg6 51. Kd6 Nf6 52. Kc7 Nd5+ 53. Kxb7 Nxb4 54. Bxb4 Bxb4 55. Kxc6 Kf7 56. Kb6 a5 57. c6 Bd6 58. Kxa5 Ke7 59. Kb6 Kd8 60. Kb7 Bc7 61. Ka7 Kc8 62. Ka6 Bd8 63. a5 Kb8 64. Kb5 Bc7 65. a6 Ka7 66. Kc5 Kxa6 67. Kd5 Kb6 68. Ke6 Kxc6 1/2-1/2

[Event "Junior Online 4NCL Division 3"]
[Site "online"]
[Date "2021.08.19"]
[EventDate "2021.08.19"]
[Round "1.66"]
[White "Warren, Archie"]
[WhiteElo "1462"]
[WhiteTeam "Farnham Fantasticos"]
[Black "Moroz, Michael"]
[BlackElo "1388"]
[BlackTeam "Lenzie Basilisks"]
[Result "0-1"]
[PlyCount "56"]

1. d4 d5 2. Bf4 Nf6 3. e3 e6 4. Nf3 Be7 5. Nbd2 O-O 6. Bd3 b6 7. Qe2 Bb7 8. c3 Nbd7 9. Ne5 c5 10. Ndf3 c4 11. Bc2 Nxe5 12. dxe5 Nd7 13. h4 f6 14. Bxh7+ Kxh7 15. Ng5+ Kg8 16. Qh5 fxg5 17. hxg5 Rf5 18. Qh8+ Kf7 19. Qh5+ g6 20. Qh7+ Ke8 21. Qg8+ Nf8 22. Rh8 Kd7 23. O-O-O Kc6 24. Rdh1 Qd7 25. Qg7 d4 26. g3 dxc3 27. bxc3 Ba3+ 28. Kc2 Qd3# 0-1

[Event "Junior Online 4NCL Division 3"]
[Site "online"]
[Date "2021.08.19"]
[EventDate "2021.08.19"]
[Round "1.82"]
[White "Demetriou, Jay"]
[WhiteElo "1519"]
[WhiteTeam "Wanstead Warriors 1"]
[Black "Vasudeva, Arya"]
[BlackElo "1046"]
[BlackTeam "Barnet Knights C"]
[Result "1-0"]
[PlyCount "61"]

1. e4 e5 2. Nc3 Nc6 3. f4 exf4 4. Nf3 d6 5. d4 Bg4 6. Bxf4 Bxf3 7. gxf3 Qf6 8. Be3 Qh4+ 9. Bf2 Qf6 10. Be2 Be7 11. Qd3 Qe6 12. d5 Qd7 13. dxc6 Qxc6 14. O-O-O Nf6 15. Nd5 Nxd5 16. Qxd5 Qxd5 17. Rxd5 c6 18. Rdd1 O-O 19. Rhg1 a6 20. Bc4 b5 21. Bb3 h6 22. Be3 h5 23. Bh6 Bf6 24. Rxd6 Be7 25. Rxg7+ Kh8 26. Rd7 Rfe8 27. Bxf7 Red8 28. Rxe7 Rf8 29. Bxh5 Rad8 30. Rh7+ Kg8 31. Reg7# 1-0

[Event "Junior Online 4NCL Division 3"]
[Site "online"]
[Date "2021.08.19"]
[EventDate "2021.08.19"]
[Round "1.83"]
[White "Morin, Julian"]
[WhiteElo "1049"]
[WhiteTeam "Barnet Knights C"]
[Black "Stevens, Tobias"]
[BlackElo "1468"]
[BlackTeam "Wanstead Warriors 1"]
[Result "1-0"]
[PlyCount "127"]

1. c4 e5 2. Nc3 c5 3. Nf3 Nc6 4. g3 Nf6 5. Bg2 Be7 6. O-O d6 7. d3 O-O 8. Bg5 Ng4 9. Bxe7 Qxe7 10. Nd5 Qd8 11. Nh4 Nf6 12. e3 Nxd5 13. cxd5 Ne7 14. f4 exf4 15. Rxf4 Qb6 16. Rf2 Nf5 17. Nxf5 Bxf5 18. Rxf5 Rae8 19. e4 Qxb2 20. Rf2 Qd4 21. Qe1 Qxd3 22. Rd2 Qc3 23. Rc1 Qb4 24. Re2 Qd4+ 25. Qf2 Qxf2+ 26. Rxf2 Re7 27. Rb2 b6 28. a4 Rfe8 29. Ra2 g6 30. a5 bxa5 31. Rxa5 f5 32. exf5 gxf5 33. Rca1 Ra8 34. Rf1 Rf7 35. Ra6 Rf6 36. Rfa1 f4 37. gxf4 Rxf4 38. Rxa7 Rxa7 39. Rxa7 Rf6 40. Ra8+ Kg7 41. Rd8 Kf7 42. Rd7+ Ke8 43. Rxh7 c4 44. Rc7 Rf4 45. Bf1 Rg4+ 46. Kf2 Rf4+ 47. Ke1 Re4+ 48. Kd2 Rd4+ 49. Kc3 Rxd5 50. Bxc4 Rh5 51. Bb5+ Kd8 52. Rd7+ Kc8 53. Rxd6 Rxh2 54. Rc6+ Kd8 55. Rd6+ Kc7 56. Rd7+ Kb6 57. Bc4 Rh3+ 58. Kb4 Rh2 59. Rd6+ Kc7 60. Kc5 Rh5+ 61. Bd5 Rh3 62. Rc6+ Kd7 63. Be6+ Ke7 64. Bxh3 1-0

[Event "Junior Online 4NCL Division 3"]
[Site "online"]
[Date "2021.08.19"]
[EventDate "2021.08.19"]
[Round "1.86"]
[White "Vasudeva, Arya"]
[WhiteElo "1046"]
[WhiteTeam "Barnet Knights C"]
[Black "Demetriou, Jay"]
[BlackElo "1519"]
[BlackTeam "Wanstead Warriors 1"]
[Result "0-1"]
[PlyCount "46"]

1. e4 c6 2. d4 d5 3. exd5 cxd5 4. Nc3 Nc6 5. Bb5 Nf6 6. Bxc6+ bxc6 7. Bg5 Rb8 8. Bxf6 gxf6 9. b3 Bg7 10. Nf3 Bg4 11. h3 Bh5 12. O-O e5 13. dxe5 fxe5 14. Nxe5 Bxd1 15. Raxd1 Bxe5 16. Rfe1 Qa5 17. Rxe5+ Kf8 18. Rd3 Re8 19. Rf5 Re1+ 20. Kh2 Qc7+ 21. Rg3 h5 22. Rf3 h4 23. Rxf7+ Kxf7 0-1

[Event "Junior Online 4NCL Division 3"]
[Site "online"]
[Date "2021.08.19"]
[EventDate "2021.08.19"]
[Round "1.87"]
[White "Stevens, Tobias"]
[WhiteElo "1468"]
[WhiteTeam "Wanstead Warriors 1"]
[Black "Morin, Julian"]
[BlackElo "1049"]
[BlackTeam "Barnet Knights C"]
[Result "1-0"]
[PlyCount "83"]

1. e4 c5 2. Nf3 Nc6 3. Bb5 d6 4. Bxc6+ bxc6 5. Nc3 Nf6 6. d4 cxd4 7. Nxd4 c5 8. Nc6 Bd7 9. Nxd8 Rxd8 10. O-O g6 11. Nd5 Bg7 12. Bg5 O-O 13. Nxf6+ Bxf6 14. Bxf6 exf6 15. Qxd6 Bb5 16. Qxf6 Bxf1 17. Rxf1 Rd7 18. Qc6 Rfd8 19. g3 Rd6 20. Qxc5 R6d7 21. e5 Rd5 22. Qxa7 R5d7 23. Qc5 Rd5 24. Qe7 R5d7 25. Qf6 Rd5 26. c4 R5d7 27. c5 Rd5 28. c6 Rc5 29. Qxd8+ Kg7 30. Qf6+ Kh6 31. Qf4+ Kg7 32. Qd4 Rxc6 33. e6+ Kh6 34. exf7 Rc8 35. Qd6 Kh5 36. f8=Q Rxf8 37. Qxf8 Kg5 38. h4+ Kh5 39. f3 h6 40. g4+ Kxh4 41. Qxh6+ Kg3 42. Qh2# 1-0

[Event "Junior Online 4NCL Division 3"]
[Site "online"]
[Date "2021.08.19"]
[EventDate "2021.08.19"]
[Round "1.91"]
[White "Gururaj, Rithwik"]
[WhiteElo "1601"]
[WhiteTeam "Leeds Juniors 1"]
[Black "Bharat Kumar, Balahari"]
[BlackElo "1489"]
[BlackTeam "Desert Penguins Saturn"]
[Result "1-0"]
[PlyCount "72"]

1. d4 d5 2. c4 e6 3. Nc3 Nf6 4. Nf3 Be7 5. Bg5 O-O 6. e3 b6 7. cxd5 exd5 8. Bd3 Bb7 9. O-O h6 10. Bh4 Ne4 11. Bxe7 Qxe7 12. Rc1 Nd7 13. Nd2 Ndf6 14. Bxe4 dxe4 15. Qc2 Ba6 16. Rfe1 Bd3 17. Qb3 Rfd8 18. Nc4 c5 19. dxc5 Qxc5 20. Ne2 Bxe2 21. Rxe2 Rd3 22. Qc2 Rad8 23. b3 Kh7 24. g3 Qd5 25. Kg2 Kg8 26. Qb2 Re8 27. Rec2 Kh7 28. Qa3 Re7 29. Qxe7 Ng4 30. h3 Nf6 31. Qxa7 g6 32. Nxb6 Qe6 33. Rc7 Kg7 34. R1c6 Qf5 35. Rxf7+ Kg8 36. Rcxf6 Qb5 1-0